Ochrana európskych regiónov.
Po r. 1989 sa ČSFR neformálne zapojila do činnosti Rady Európy. Táto inštitúcia zdržuje v súčasnosti 26 členských štátov. Podporuje nové demokracie, ponúka štátom pomoc pri ochrane ľudských práv, upevňovaní pluralitnej demokracie i európskej kultúrnej identity. Významným nástrojom Rady Európy je "St...
Uložené v:
| Hlavný autor: | |
|---|---|
| Médium: | Kapitola |
| Jazyk: | Slovak |
| Predmet: | |
| Tagy: |
Žiadne tagy, Buďte prvý, kto otaguje tento záznam!
|
MARC
| LEADER | 00000naa a2200000 4500 | ||
|---|---|---|---|
| 001 | r008340 | ||
| 005 | 20220831085603.1 | ||
| 041 | 0 | |a slo | |
| 044 | |a [CS] | ||
| 245 | 1 | 0 | |a Ochrana európskych regiónov. |c Ľ. Držiaková |
| 520 | |a Po r. 1989 sa ČSFR neformálne zapojila do činnosti Rady Európy. Táto inštitúcia zdržuje v súčasnosti 26 členských štátov. Podporuje nové demokracie, ponúka štátom pomoc pri ochrane ľudských práv, upevňovaní pluralitnej demokracie i európskej kultúrnej identity. Významným nástrojom Rady Európy je "Stála konferencia obcí a regiónov Európy". Pomocou tohto orgánu sa komunálni politici môžu podieľať na riešení regionálnych problémov v celoeurópskych súvislostiach. Význam účasti ČSFR na práci Konferencie. | ||
| 610 | 2 | 0 | |a regionalizácia |
| 610 | 2 | 0 | |a Európa |
| 610 | 2 | 0 | |a obce |
| 610 | 2 | 0 | |a ČSFR |
| 610 | 2 | 0 | |a politika regionálna |
| 610 | 2 | 0 | |a regióny |
| 610 | 2 | 0 | |a Rada Európy |
| 610 | 2 | 0 | |a organizácie medzinárodné |
| 100 | 1 | |a Držiaková, Ľ. | |